000
00272nam a22001217a 4500
008
181019b xxu||||| |||| 00| 0 eng d
041
_a
eng
080
_a
541
100
_a
12
101
_a
KIM
245
_a
Ashort History Chemistry
_c
Partington.J.R
942
_2
udc
_c
BK
999
_c
50243
_d
50243